Kisah ikan yang membawa petanda

Bibliographic Details
Main Author: Mohd. Ridza
Format: Book
Published: Selangor : Pustaka Murni , 2005
Series:Siri iktibar dan pedoman
Subjects:

MARC

LEADER 00000cam a2200000 7i4500
001 0000007431
005 20151222.0
008 070903
020 |a 9830783030 (set) 
020 |a 9830783065 
090 0 0 |a JF   |b REG MAL (8134) 
100 0 |a Mohd. Ridza 
245 1 0 |a Kisah ikan yang membawa petanda   |c Mohd. Ridza 
260 |a Selangor :   |b Pustaka Murni ,   |c 2005 
440 |a Siri iktibar dan pedoman 
500 |a Children ages 7-9 years old (orange) 
650 0 |a Islamic stories, Malay 
999 |a 0000906596   |b Book   |c Children Collection   |e Cawangan Bandar Tenggara 
999 |a 0000906597   |b Book   |c Children Collection   |e Cawangan Bandar Tenggara 
999 |a 0000984236   |b Book   |c Children Collection   |e Cawangan Tangkak 
999 |a 0000984237   |b Book   |c Children Collection   |e Perbadanan Perpustakaan Awam Johor 
999 |a 0000984238   |b Book   |c Children Collection   |e Perbadanan Perpustakaan Awam Johor 
999 |a 0000984239   |b Book   |c Children Collection   |e Perbadanan Perpustakaan Awam Johor 
999 |a 0000984240   |b Book   |c Children Collection   |e Cawangan Kota Tinggi